书目信息 |
| 题名: |
20世纪中国科幻小说史
|
|
| 作者: | 吴岩 主编 | |
| 分册: | ||
| 出版信息: | 北京 北京大学出版社 2022 |
|
| 页数: | 235页 | |
| 开本: | 24cm | |
| 丛书名: | 南科人文学术系列 | |
| 单 册: | ||
| 中图分类: | I207.409 | |
| 科图分类: | ||
| 主题词: | 幻想小说--小说史--研究--中国--20世纪 | |
| 电子资源: | ||
| ISBN: | 978-7-301-32685-5 | |
| 000 | 01414oam2 2200265 450 | |
| 001 | 2254630278 | |
| 005 | 20220929151044.15 | |
| 010 | @a978-7-301-32685-5@dCNY68.00 | |
| 100 | @a20220118d2022 em y0chiy50 ea | |
| 101 | 0 | @achi |
| 102 | @aCN@b110000 | |
| 105 | @ay z 000yy | |
| 200 | 1 | @a20世纪中国科幻小说史@920shi ji zhong guo ke huan xiao shuo shi@dHistory of Chinese science fiction in the 20th century@f吴岩主编@zeng |
| 210 | @a北京@c北京大学出版社@d2022 | |
| 215 | @a235页@d24cm | |
| 225 | 2 | @a南科人文学术系列 |
| 314 | @a吴岩,南方科技大学人文科学中心教授,南方科技大学科学与人类想象力研究中心主任。 | |
| 330 | @a本书为国家社科基金重点项目“20世纪中国科学幻想小说史”的结题专著。中国科幻小说在20 世纪经历了跌宕起伏的发源、演变、转型并最终走向成熟的历史过程。在此期间,文类从无到有,作家队伍从小到大,作品从稀缺到难以穷尽,社会影响更发生了繁复的变化。本书梳理了20世纪中国科幻小说史的五个时期:晚晴科幻的发展、民国时期科幻的发展、共和国早期科幻的发展、新时期科幻的发展和世纪之交科幻的发展,分别介绍每个时期的创作背景、基本面貌和代表性作家作品,较为全面地反映了20世纪中国科幻小说的发展历程和重要作家作品、创作流派。 | |
| 461 | 0 | @12001 @a南科人文学术系列 |
| 510 | 1 | @aHistory of Chinese science fiction in the 20th century@zeng |
| 606 | 0 | @a幻想小说@x小说史@x研究@y中国@z20世纪 |
| 690 | @aI207.409@v5 | |
| 701 | 0 | @a吴岩@9wu yan@4主编 |
| 801 | 0 | @aCN@b91MARC@c20220321 |
| 905 | @aZUCC@dI207.409@e148 | |
| 20世纪中国科幻小说史=History of Chinese science fiction in the 20th century/吴岩主编.-北京:北京大学出版社,2022 |
| 235页;24cm.-(南科人文学术系列) |
| ISBN 978-7-301-32685-5:CNY68.00 |
| 本书为国家社科基金重点项目“20世纪中国科学幻想小说史”的结题专著。中国科幻小说在20 世纪经历了跌宕起伏的发源、演变、转型并最终走向成熟的历史过程。在此期间,文类从无到有,作家队伍从小到大,作品从稀缺到难以穷尽,社会影响更发生了繁复的变化。本书梳理了20世纪中国科幻小说史的五个时期:晚晴科幻的发展、民国时期科幻的发展、共和国早期科幻的发展、新时期科幻的发展和世纪之交科幻的发展,分别介绍每个时期的创作背景、基本面貌和代表性作家作品,较为全面地反映了20世纪中国科幻小说的发展历程和重要作家作品、创作流派。 |
| ● |
| 相关链接 |
|
|
|
正题名:20世纪中国科幻小说史
索取号:I207.409/148
 
预约/预借
| 序号 | 登录号 | 条形码 | 馆藏地/架位号 | 状态 | 备注 |
| 1 | 2000906749 | 2000906749 | 第一书库/ [索取号:I207.409/148] | 在馆 | |
| 2 | 2000906750 | 2000906750 | 第一书库/ [索取号:I207.409/148] | 在馆 | |
| 3 | 2000906751 | 2000906751 | 第一书库/ [索取号:I207.409/148] | 在馆 |